Dynamika a stabilita stavebních konstrukcí : sborník z konference, Brno, 7.-9. října 1980 /

Uložené v:
Podrobná bibliografia
Ďalší autori: Kolář, Vladimír (Author of introduction, etc.)
Médium: Kniha
Jazyk:Czech
Slovak
Vydané: Ostrava : Dům techniky Československé vědeckotechnické společnosti, 1980.
Vydanie:1. vyd.
ISBN: (brož.)
Fyzický popis: 275 s. : ob., tb., grafy.
Tagy: Pridať tag
Žiadne tagy, Buďte prvý kto otaguje tento záznam!

MARC

LEADER 00000nam a22000001 4500
001 000108321
005 20091123163042.0
008 951027s1980 xr e cze d
020 |a (brož.) 
040 |a SVKKK  |b slo  |c SVKKK  |e AACR2 
041 0 |a cze  |a slo 
044 |a xr  |c CZ 
245 0 0 |a Dynamika a stabilita stavebních konstrukcí :  |b sborník z konference, Brno, 7.-9. října 1980 /  |c red. Vladimír Kolář. 
250 |a 1. vyd. 
260 |a Ostrava :  |b Dům techniky Československé vědeckotechnické společnosti,  |c 1980. 
300 |a 275 s. :  |b ob., tb., grafy. 
366 |e 150 výt. 
500 |a Poznámky 
546 |a Čiast. slov. text 
504 |a Prehl. lit. 
700 1 |a Kolář, Vladimír  |4 red  |4 aui 
910 |a svkkk 
998 |a BK 
090 |g SCKHL  |k Sklad Pribinova 2. posch.  |a II.263062  |j 630546  |i 108321-10  |s Absenčne